Metamagical themas : questing for the essence of mind and pattern (Record no. 182587)

MARC details
000 -LEADER
fixed length control field 00437nam a2200145Ia 4500
008 - FIXED-LENGTH DATA ELEMENTS--GENERAL INFORMATION
fixed length control field 231217s9999 xx 000 0 und d
041 ## - LANGUAGE CODE
Language code of text/sound track or separate title English
082 ## - DEWEY DECIMAL CLASSIFICATION NUMBER
Classification number 001.535 HOF;1 R
100 ## - MAIN ENTRY--PERSONAL NAME
Personal name Hofstadtef, Douglas R.
245 #0 - TITLE STATEMENT
Title Metamagical themas : questing for the essence of mind and pattern
260 ## - PUBLICATION, DISTRIBUTION, ETC.
Date of publication, distribution, etc. 1985
Name of publisher, distributor, etc. Bantam Books
Place of publication, distribution, etc. New York
300 ## - PHYSICAL DESCRIPTION
Extent xxviii+852
650 ## - SUBJECT ADDED ENTRY--TOPICAL TERM
Topical term or geographic name entry element Metamagical,themas,questing,essence,mind
942 ## - ADDED ENTRY ELEMENTS (KOHA)
Koha item type Books
Holdings
Date last seen Total checkouts Full call number Accession number Price effective from Category Lost status Damaged status Department Withdrawn status Home library Current library Shelving location Entry date Vendor Grants Billdate Currency symbol Conversion rate Discount Old discount
26/01/2024   001.535 HOF;1 R 53344 26/01/2024 Books     Central Library   Central Library Central Library Library Annex 12/03/2009 Publisher DONATED 17/08/2012 RS 1    

© For any Suggestions or Query, please contact the library staff @ librarian@pes.edu or Phone: +9180 2672 1983/ 2108.